Statistics for Art Movements

Click here to take the quiz!

General Stats

  • This quiz has been taken 987 times
    (981 since last reset)
  • The average score is 9 of 23

Answer Stats

Artist Art Movement % Correct
Claude MonetImpressionism
96%
Pablo PicassoCubism
95%
Salvador DaliSurrealism
91%
Andy WarholPop Art
87%
Edvard MunchExpressionism
70%
Gustave CourbetRealism
63%
Michelangelo BuonarrotiRenaissance
56%
Piet MondrianDe Stijl
47%
Henri MatisseFauvism
44%
Peter Paul RubensBaroque
42%
Caspar David FriedrichRomanticism
38%
Kurt SchwittersDada
32%
Giacomo BallaFuturism
27%
Alphonse MuchaArt Nouveau
23%
Jean Auguste Dominique IngresNeoclassicism
21%
CimabueGothic
17%
El GrecoMannerism
16%
Alexander RodchenkoConstructivism
15%
Gustave MoreauSymbolism
13%
John William WaterhousePre-Raphaelite Brotherhood
13%
Kazimir MalevichSuprematism
12%
László Moholy-NagyBauhaus
10%
Michelangelo PistolettoArte Povera
2%

Score Distribution

Percentile by Number Answered

Percent of People with Each Score

Your Score History

You have not taken this quiz since the last reset